LEADER 01154nam0 2200301 450 001 000026410 005 20090709161258.0 010 $a978-88-548-1638-1 100 $a20090709d2007----km-y0itay50------ba 101 0 $aita 102 $aIT 105 $aa-------001yy 200 1 $aConsiderazioni geografiche sulle interazioni tra strutture materiali e virtuali nel Mezzogiorno$fMaria Laura Gasparini, Viviana D'Aponte 210 $aRoma$cAracne$d2007 215 $a158 p.$cill.$d24 cm 225 2 $aA11$v293 410 0$12001$aA11 500 10$aConsiderazioni geografiche sulle interazioni tra strutture materiali e virtuali nel Mezzogiorno$943272 610 1 $aPianificazione territoriale$aItalia meridionale 610 1 $aInfrastrutture$aPianificazione$aItalia meridionale 676 $a333.72$v20 700 1$aGasparini,$bMaria Laura$0131044 701 1$aD'Aponte,$bViviana$0329209 801 0$aIT$bUNIPARTHENOPE$c20090709$gRICA$2UNIMARC 912 $a000026410 951 $a333-C/2$b41582$cNAVA1$d2009 996 $aConsiderazioni geografiche sulle interazioni tra strutture materiali e virtuali nel Mezzogiorno$943272 997 $aUNIPARTHENOPE LEADER 00843cam0 2200241 450 001 E600200027710 005 20210921092339.0 100 $a20070618d1968 |||||ita|0103 ba 101 $ager 102 $aDE 200 1 $a<>Palette. Roman$fHubert Fichte 210 $aReinbek bei Hamburg$cRowohlt$d1968 215 $a365 p.$d19 cm 700 1$aFichte$b, Hubert$3A600200041228$4070$0456530 801 0$aIT$bUNISOB$c20210921$gRICA 850 $aUNISOB 852 $aUNISOB$jFondo|Golino$m134108 912 $aE600200027710 940 $aM 102 Monografia moderna SBN 941 $aM 957 $aFondo|Golino$b000277$gSi$d134108$hGolino$rdono$1beth$2UNISOB$3UNISOB$420070618103035.0$520210921092339.0$6Spinosa$fPer le modalità di consultazione vedi homepage della Biblioteca link Fondi 996 $aPalette. Roman$91686060 997 $aUNISOB